| 000 | 01596nam a2200397 a 4500 | ||
|---|---|---|---|
| 005 | 20240514123610.0 | ||
| 008 | 100309s2009||||sp il. f |||| 001 0 spa d | ||
| 020 | _a9788480864947 | ||
| 041 | _aspa | ||
| 092 |
_c616 _l30 _sGOL |
||
| 100 | 1 |
_aGoldman, Lee _eEdit. _91800 |
|
| 245 |
_aCECIL. Tratado de Medicina Interna. _bT.1 / _cLee Goldman |
||
| 250 |
_a23a ed. versión en español de la 23 ed. de la obra original en inglés _bRevisión científica y técnica Carlos Barros Aguado [et. al] |
||
| 260 |
_aBarcelona: _bElsevier ; Saunders; _c2009. |
||
| 300 | _a1-1600 p. | ||
| 500 | _aGoldman, L. y Ausiello, D. (Eds.). (2009). CECIL. Tratado de medicina interna. T.1 (23a ed.). Barcelona : Elsevier ; Saunders. | ||
| 590 | _aHemeroteca Abril 2024 | ||
| 653 | _aAspectos éticos y sociales en medicina | ||
| 653 | _aFundamentos de evaluación y tratamiento | ||
| 653 | _aAspectos preventivos y medioambientales | ||
| 653 | _aEnvejecimiento y medicina geriátrica | ||
| 653 | _aFarmacología clínica | ||
| 653 | _aGenética | ||
| 653 | _aPrincipios de inmunología e inflamación | ||
| 653 | _aEnfermedades cardiovasculares | ||
| 653 | _aEnfermedades del aparato respiratorio | ||
| 653 | _aMedicina intensiva | ||
| 653 | _aEnfermedades renales y genitourinarias | ||
| 653 | _aEnfermedades gastrointestinales | ||
| 653 | _aEnfermedades del higado, de la vesicula y de las vías biliares | ||
| 653 | _aEnfermedades hematológicas | ||
| 653 | _aOncología | ||
| 653 | _aTrastornos metabólicos | ||
| 700 | 1 |
_aAusiello, Dennis _eEditor _91801 |
|
| 942 |
_2ddc _cBK _01 |
||
| 999 |
_c1087 _d1087 |
||